| 000 | 00401nam a22001457a 4500 | ||
|---|---|---|---|
| 020 | _a9789698535636 | ||
| 082 |
_a338.95491 _bCOV |
||
| 100 | _aFarah Naz | ||
| 245 |
_aCOVID-19 Challenges for Pakistan / _cEdited by Farah Naz |
||
| 260 |
_6Islamabad : _aNUST Press, _b2020. |
||
| 300 |
_a254 p. ; _c24cm. |
||
| 563 | _aP.B | ||
| 942 |
_2ddc _cBK |
||
| 999 |
_c541204 _d541204 |
||